000 00368nam a2200157Ia 4500
003 Ost
005 20260225132548.0
008 260225s9999||||xx |||||||||||||| ||und||
040 _cfsic
041 _afre
082 _a440
100 _aWoody allen
_eAuteur
245 0 _aAmine Hall interiors manhatan stardust memones /
245 0 _cWoody allen
942 _cكتاب
999 _c33957
_d33957